Zoo Tycoon 2 Biomes - Statistics

General Stats
  • This quiz has been taken 117 times
  • The average score is 10 of 14
Answer Stats
Hint Answer % Correct
5 Desert
92%
12 Tropical Rainforest
91%
9 Savannah
87%
13 Tundra
87%
3 Boreal Forest
76%
6 Grassland
75%
11 Temperate Forest
70%
4 Coastal
68%
10 Scrub
67%
14 Wetlands
67%
1 Alpine
64%
7 Pelagic
61%
8 Reef
61%
2 Benthic
57%
No matching quizzes found
Score Distribution
Percent of People with Each Score
Percentile by Number Answered
Your Score History
You have not taken this quiz